00297nam a2200121Ia 4500008004100000082001400041100001900055245002700074250000800101260003300109300001000142650002300152150201s2009 xx 000 0 und d a618bI09R aRAO, KAMINI A. aTHE INFERTILITY MANUAL a3RD bJAYPEE BROTHERSaDELHIc2009 a1-648 aOBST & GYNAECOLOGY